Quản trị kênh phân phối

Trình bày những kiến thức cơ bản về tổ chức và quản lí hệ thống kênh phân phối sản phẩm của các doanh nghiệp như: những nội dung về sự hoạt động của kênh phân phối, cấu trúc kênh, hành vi và các hình thức tổ chức các kiểu kênh liê...

Szczegółowa specyfikacja

Zapisane w:
Opis bibliograficzny
1. autor: Trương, Đình Chiến
Format: Książka
Język:Undetermined
Wydane: Hà Nội Đại học Kinh tế Quốc dân 2010
Hasła przedmiotowe:
Etykiety: Dodaj etykietę
Nie ma etykietki, Dołącz pierwszą etykiete!
Thư viện lưu trữ: Trung tâm Học liệu Trường Đại học Cần Thơ
LEADER 01062nam a2200205Ia 4500
001 CTU_163576
008 210402s9999 xx 000 0 und d
020 |c 55000 
082 |a 658.86 
082 |b Ch305 
100 |a Trương, Đình Chiến 
245 0 |a Quản trị kênh phân phối 
245 0 |c Chủ biên Trương Đình Chiến 
260 |a Hà Nội 
260 |b Đại học Kinh tế Quốc dân 
260 |c 2010 
520 |a Trình bày những kiến thức cơ bản về tổ chức và quản lí hệ thống kênh phân phối sản phẩm của các doanh nghiệp như: những nội dung về sự hoạt động của kênh phân phối, cấu trúc kênh, hành vi và các hình thức tổ chức các kiểu kênh liên kết dọc 
650 |a Wholesale trade,Grocery trade,Thương mại bán buôn,Thương mại hàng tạp hóa 
904 |i Trọng Hiếu 
980 |a Trung tâm Học liệu Trường Đại học Cần Thơ